000 00749cam a22001934a 4500
005 20250605164136.0
008 250528s ||||||||||||||||||||||||d
035 _a18793
020 _a46504378
040 _aGR-AtMCL
_bgre
_dGR-AtMCL
_eAACR2
245 1 _aManaging the Public's Business / The Job of the Government Executive
260 _bBasic Books, Inc.,
_c1981
300 _a214
520 _aPreface, Management Without Managers, The Tyranny of the Task, The Problem of Incentives, The System Is Not the Solution, The Nature of the Public's Business, Public Management: Levels of the Game, Improving Governmental Competence, References, Index.
700 1 _aLynn Lawrence E
_95047
942 _cBK
999 _c4106
_d4106